<?xml version="1.0" encoding="UTF-8"?>
<record
    xmlns:xsi="http://www.w3.org/2001/XMLSchema-instance"
    xsi:schemaLocation="http://www.loc.gov/MARC21/slim http://www.loc.gov/standards/marcxml/schema/MARC21slim.xsd"
    xmlns="http://www.loc.gov/MARC21/slim">

  <leader>00934cam a22002411i 4500</leader>
  <controlfield tag="003">BD-RjUL</controlfield>
  <controlfield tag="005">20250216143133.0</controlfield>
  <controlfield tag="008">250217s1937    pk       b    000 0 perrd</controlfield>
  <datafield tag="035" ind1=" " ind2=" ">
    <subfield code="a">(BD-RjUL)</subfield>
  </datafield>
  <datafield tag="040" ind1=" " ind2=" ">
    <subfield code="a">EEM</subfield>
    <subfield code="b">eng</subfield>
    <subfield code="c">EEM</subfield>
    <subfield code="d">GZM</subfield>
    <subfield code="d">(BD-RjUL)</subfield>
  </datafield>
  <datafield tag="041" ind1=" " ind2=" ">
    <subfield code="a">per</subfield>
  </datafield>
  <datafield tag="082" ind1="0" ind2="4">
    <subfield code="a">891.551009</subfield>
    <subfield code="2">23</subfield>
    <subfield code="b">NAS 1937</subfield>
  </datafield>
  <datafield tag="100" ind1="1" ind2=" ">
    <subfield code="a">&#x646;&#x633;&#x6CC;&#x645; &#x631;&#x636;&#x648;&#x627;&#x646;&#x6CC; &#x60C;&#x645;&#x62D;&#x645;&#x62F; &#x628;&#x627;&#x642;&#x631;  ;;Naseem Rizwani, Muhammad Baqir</subfield>
    <subfield code="9">11896</subfield>
  </datafield>
  <datafield tag="245" ind1="1" ind2="0">
    <subfield code="a">&#x634;&#x639;&#x631;&#x627;&#x626;&#x6D2; &#x67E;&#x646;&#x62C;&#x627;&#x628;&#x60C; &#x639;&#x635;&#x631; &#x62D;&#x627;&#x636;&#x631; / Shu&#x2BB;ar&#x101;-yi Panj&#x101;b, &#x2BB;a&#x1E63;r-i &#x1E25;&#x101;&#x1E93;ir</subfield>
    <subfield code="c">&#x645;&#x62D;&#x645;&#x62F; &#x628;&#x627;&#x642;&#x631; &#x646;&#x633;&#x6CC;&#x645; &#x631;&#x636;&#x648;&#x627;&#x646;&#x6CC; ;; Muhammad Baqir Naseem Rizwani</subfield>
  </datafield>
  <datafield tag="246" ind1="3" ind2=" ">
    <subfield code="a">Tazkara-e-Shu&#x101;ar&#x101;-e-Punjab</subfield>
  </datafield>
  <datafield tag="260" ind1=" " ind2=" ">
    <subfield code="a">Panjab :</subfield>
    <subfield code="b">&#x6AF;&#x62C;&#x631;&#x627;&#x62A; &#x67E;&#x631;&#x646;&#x679;&#x646;&#x6AF; &#x67E;&#x631;&#x6CC;&#x633;,</subfield>
    <subfield code="c">1937</subfield>
  </datafield>
  <datafield tag="300" ind1=" " ind2=" ">
    <subfield code="a">306 pages ;</subfield>
    <subfield code="c">20 cm</subfield>
  </datafield>
  <datafield tag="650" ind1=" " ind2=" ">
    <subfield code="a">Poets,</subfield>
    <subfield code="v">Urdu Pakistan Punjab</subfield>
    <subfield code="x"> Biography</subfield>
    <subfield code="9">15007</subfield>
  </datafield>
  <datafield tag="650" ind1=" " ind2=" ">
    <subfield code="a">Biographies</subfield>
    <subfield code="z"> Pakistan Punjab</subfield>
    <subfield code="9">15008</subfield>
  </datafield>
  <datafield tag="650" ind1=" " ind2=" ">
    <subfield code="a">Urdu poetry</subfield>
    <subfield code="z"> Pakistan Punjab</subfield>
    <subfield code="9">15009</subfield>
  </datafield>
  <datafield tag="942" ind1=" " ind2=" ">
    <subfield code="2">ddc</subfield>
    <subfield code="c">BK</subfield>
  </datafield>
  <datafield tag="999" ind1=" " ind2=" ">
    <subfield code="c">84691</subfield>
    <subfield code="d">84691</subfield>
  </datafield>
  <datafield tag="952" ind1=" " ind2=" ">
    <subfield code="0">0</subfield>
    <subfield code="1">0</subfield>
    <subfield code="2">ddc</subfield>
    <subfield code="4">0</subfield>
    <subfield code="7">1</subfield>
    <subfield code="8">NFIC</subfield>
    <subfield code="a">RUCL</subfield>
    <subfield code="b">RUCL</subfield>
    <subfield code="c">Reading</subfield>
    <subfield code="d">2025-02-16</subfield>
    <subfield code="l">0</subfield>
    <subfield code="o">U 891.551009 NAS 1937</subfield>
    <subfield code="r">2025-02-16 00:00:00</subfield>
    <subfield code="t">C-1</subfield>
    <subfield code="w">2025-02-16</subfield>
    <subfield code="y">BK</subfield>
  </datafield>
</record>
